Kontrolovanie vo vybraných výrobných podnikoch v Slovenskej republike

Skúmanie dôležitosi kontrolovania vo vnímaní zamestnancov a manažérov. Ich reakcia na zavádzané zmeny v kontrolovaní vo výrobných podnikoch na území Slovenskej republiky. Použitie analýzy, syntézy, indukcie, dedukcie, abstrakcie, komparácie a generalizácie.

Gespeichert in:
Bibliographische Detailangaben
1. Verfasser: Paprskárová, Paulína
Weitere Verfasser: Sochanič, Vladislav
Format: Buchkapitel
Sprache:Slowakisch
Schlagworte:
Tags: Tag hinzufügen
Keine Tags, Fügen Sie das erste Tag hinzu!

MARC

LEADER 00000naa$a2200000$$$4500
001 0261681
005 20240502074153.0
041 0 |a slo 
044 |a SK 
245 1 0 |a Kontrolovanie vo vybraných výrobných podnikoch v Slovenskej republike  |c Paulína Paprskárová, Vladislav Sochanič 
520 |a Skúmanie dôležitosi kontrolovania vo vnímaní zamestnancov a manažérov. Ich reakcia na zavádzané zmeny v kontrolovaní vo výrobných podnikoch na území Slovenskej republiky. Použitie analýzy, syntézy, indukcie, dedukcie, abstrakcie, komparácie a generalizácie. 
610 2 0 |a kontroling 
610 2 0 |a výroba 
610 2 0 |a priemysel 
610 2 0 |a riadenie 
100 1 |a Paprskárová, Paulína 
700 1 |a Sochanič, Vladislav